Score 0/26 Timer 02:30
0 Plays Today
% Correct
Fred Weasley
96.7%
George Weasley
96.5%
am
96.2%
Remus Lupin
96.1%
swear
96.1%
Moony
96%
Padfoot
96%
I
96%
solemnly
95.9%
no
95.8%
Prongs
95.7%
James Potter
95.7%
I
95.6%
% Correct
up
95.6%
to
95.5%
that
95.3%
Wormtail
95%
Peter Pettigrew
95%
Severus Snape
95%
mischief
94.9%
Sirius Black
94.8%
good
94.6%
managed
94.6%
Alastor 'Mad Eye' Moody
93.6%
Argus Filch
93.2%
Barty Crouch Jr.
87.5%
Remove Ads.
Support Sporcle.
Get the best of Sporcle when you Go Orange. This ad-free experience offers more features, more stats, and more fun while also helping to support Sporcle. Thank you for becoming a member.

You're not logged in!

Compare scores with friends on all Sporcle quizzes.
OR
Log In

Sporcle TV

Today on Sporcle TV


Watch our educational content, quiz creation guides, and fun videos on Sporcle TV.

Show Comments

Extras

Top Quizzes Today


Score Distribution

Paid Content

Your Account Isn't Verified!

In order to create a playlist on Sporcle, you need to verify the email address you used during registration. Go to your Sporcle Settings to finish the process.

Report this User

Report this user for behavior that violates our Community Guidelines.

Details: